|
|
|
|
| LEADER |
01489nam a2200313 a 4500 |
| 001 |
38085 |
| 003 |
BD-DhAAL |
| 008 |
220313t1994 mau b 001 0 eng d |
| 999 |
|
|
|c 43752
|d 43752
|
| 010 |
|
|
|a 93036511
|
| 020 |
|
|
|a 0877739714 (acidfree paper) :
|c US $10.00 (Can. $13.50)
|
| 040 |
|
|
|a DLC
|c DLC
|d DLC
|d BD-DhAAL
|
| 041 |
1 |
|
|a eng
|h tib
|
| 050 |
0 |
0 |
|a BQ3147
|b .B774 1994
|
| 082 |
0 |
0 |
|a 294.385
|2 20
|
| 100 |
0 |
|
|a Bstan- ̕dzin-rgya-mtsho,
|c Dalai Lama XIV,
|d 1935-
|9 46841
|
| 245 |
1 |
2 |
|a A Flash of lightning in the dark of night :
|b a guide to the bodhisattva's way of life /
|c Tenzin Gyatso foreword by Tulku Pema Wangyal ; translated from the Tibetan by the Padmakara Translation Group.
|
| 250 |
|
|
|a First edition
|
| 260 |
|
|
|a Boston :
|b Shambhala ;
|a New York :
|b Distributed in the U.S. by Random House,
|c 1994.
|
| 300 |
|
|
|a xii, 141 pages ;
|c 23 cm.
|
| 490 |
0 |
|
|a Shambhala dragon editions
|
| 504 |
|
|
|a Includes bibliographical references (pages [137]) and index.
|
| 541 |
|
|
|a Donated By Akbar Ali Khan
|e 38085
|
| 600 |
0 |
0 |
|a Śāntideva,
|d active 7th century.
|t Bodhicaryāvatāra.
|9 46842
|
| 650 |
|
0 |
|a Mahayana Buddhism
|x Doctrines.
|9 46843
|
| 700 |
0 |
2 |
|a Śāntideva,
|d active 7th century.
|t Bodhicaryāvatāra.
|f 1994.
|9 46844
|
| 852 |
|
|
|a Ayesha Abed Library
|c Akbar Ali Khan Collection
|
| 942 |
|
|
|2 ddc
|c BK
|
| 952 |
|
|
|0 0
|1 0
|2 ddc
|4 0
|6 294_385000000000000_BST
|7 1
|9 70106
|a BRACUL
|b BRACUL
|c AAKC
|d 2022-03-13
|e Donated by Akbar Ali Khan
|l 0
|o 294.385 BST
|p 3010038085
|r 2022-03-13
|t 1
|w 2022-03-13
|y BK
|